[Event "19. Intern. Travemünder Schach-Open"]
[Site "?"]
[Date "2002.12.27"]
[Round "2"]
[White "Schmezko, Stefan"]
[Black "IM Richter, Michael"]
[Result "1/2-1/2"]
[WhiteElo "2078"]
[BlackElo "2396"]
[PlyCount "116"]
[EventDate "2002.??.??"]

1. d4 Nf6 2. c4 e6 3. Nc3 Bb4 4. e3 O-O 5. Bd3 d5 6. a3 Be7 7. Nf3 dxc4 8. Bxc4
a6 9. O-O b5 10. Bb3 Bb7 11. Qe2 c5 12. dxc5 Nbd7 13. Rd1 Qc7 14. e4 Nxc5 15.
Bc2 Rfe8 16. h3 Rad8 17. Bg5 h6 18. Bd2 e5 19. Rac1 Qb8 20. b4 Ne6 21. Be3 Bf8
22. Rxd8 Rxd8 23. Rd1 Rxd1+ 24. Qxd1 Qd6 25. Qxd6 Bxd6 26. Kf1 g5 27. g3 Kf8
28. h4 Ng4 29. Bb6 Ke7 30. hxg5 hxg5 31. Bb3 f6 32. Bd5 Bc8 33. Bc6 Bc7 34. Ba7
Kd6 35. Bd5 Nh6 36. Nd2 Ng8 37. Bc5+ Kd7 38. Nb3 Bd6 39. Bxd6 Kxd6 40. Nc5 Nxc5
41. bxc5+ Kxc5 42. Bxg8 Kd4 43. Nd5 Kxe4 44. Nxf6+ Kd3 45. Nd5 Kc2 46. Nb4+ Kb2
47. Nd3+ Kxa3 48. Nxe5 a5 49. Ke1 Kb2 50. Kd2 Bf5 51. Nc6 a4 52. Nd4 Bd7 53. f4
gxf4 54. gxf4 b4 55. f5 a3 56. f6 Be8 57. f7 Bxf7 58. Bxf7 a2 1/2-1/2

[Event "19. Intern. Travemünder Schach-Open"]
[Site "?"]
[Date "2002.12.28"]
[Round "3"]
[White "Schuh, Dirk"]
[Black "Ebeling, Jens"]
[Result "1/2-1/2"]
[WhiteElo "2252"]
[BlackElo "2128"]
[PlyCount "98"]
[EventDate "2002.??.??"]

1. e4 c5 2. g3 d5 3. exd5 Qxd5 4. Nf3 Nc6 5. Nc3 Qd8 6. Bg2 Nf6 7. d3 Bg4 8. h3
Bh5 9. Be3 e6 10. O-O Rc8 11. g4 Bg6 12. d4 b6 13. Re1 Be7 14. dxc5 bxc5 15. g5
Nd7 16. Qe2 Qb6 17. Rad1 Ndb8 18. b3 O-O 19. Nh4 Nd4 20. Bxd4 cxd4 21. Nxg6
hxg6 22. Nd5 exd5 23. Qxe7 Rxc2 24. Bxd5 d3 25. Re3 Nc6 26. Qe4 Nb4 27. Bc4
Rxa2 28. Rf3 Qc5 29. h4 Re2 30. Qf4 Qe7 31. Bxd3 Nxd3 32. Rfxd3 Re4 33. Qg3 Qe6
34. f3 Re2 35. R1d2 Rxd2 36. Rxd2 Qe3+ 37. Qf2 Qxb3 38. Qxa7 Qxf3 39. Qf2 Qg4+
40. Kh2 Qe6 41. Re2 Qd6+ 42. Qg3 Qxg3+ 43. Kxg3 Rd8 44. Re3 Kf8 45. Kf4 Rb8 46.
Kf3 Ra8 47. Kf4 Rb8 48. Kf3 Ra8 49. Kf4 Rb8 1/2-1/2

[Event "19. Intern. Travemünder Schach-Open"]
[Site "?"]
[Date "2002.12.28"]
[Round "3"]
[White "Laqua, Christian"]
[Black "GM Rabiega, Robert"]
[Result "0-1"]
[WhiteElo "2191"]
[BlackElo "2503"]
[PlyCount "60"]
[EventDate "2002.??.??"]

1. c4 e6 2. Nf3 d5 3. b3 c5 4. e3 Nc6 5. d3 Nf6 6. Be2 Bd6 7. Nbd2 O-O 8. O-O
d4 9. e4 e5 10. Ne1 Ne7 11. Rb1 Ng6 12. g3 Bh3 13. Ng2 h6 14. Rb2 a6 15. a3 b5
16. Kh1 Qc7 17. Nf3 Rab8 18. Qc2 Ne8 19. a4 bxa4 20. bxa4 Rxb2 21. Qxb2 Qc6 22.
a5 Bc7 23. Qa3 f5 24. Nd2 f4 25. f3 Nf6 26. Rf2 fxg3 27. hxg3 Ng4 28. fxg4 Rxf2
29. Bf3 Qf6 30. Ne1 Nh4 0-1

[Event "19. Intern. Travemünder Schach-Open"]
[Site "?"]
[Date "2002.12.28"]
[Round "3"]
[White "Michailow, Sergej"]
[Black "GM Muse, Mladen"]
[Result "0-1"]
[WhiteElo "2179"]
[BlackElo "2474"]
[PlyCount "74"]
[EventDate "2002.??.??"]

1. e4 c5 2. Nf3 d6 3. d4 cxd4 4. Nxd4 Nf6 5. Nc3 g6 6. Be3 Bg7 7. Be2 O-O 8. h4
h5 9. f3 Nc6 10. g4 hxg4 11. h5 Nxh5 12. Qd2 Nxd4 13. Bxd4 Bxd4 14. Qxd4 e5 15.
Qd2 Nf4 16. O-O-O Qg5 17. Kb1 g3 18. Qxd6 Be6 19. Qc5 Rac8 20. Qe3 g2 21. Rhg1
Qg3 22. Bd3 Rxc3 23. bxc3 Bg4 24. Rd2 b6 25. Rf2 Be6 26. Qe1 Kg7 27. Qd2 Rh8
28. Kb2 Rh2 29. c4 Bh3 30. a4 Rh1 31. Qe1 Qh2 32. Rgxg2 Qxg2 33. Qc3 Qxf2 34.
Qxe5+ Kh7 35. Qf6 Nxd3+ 36. Ka3 Qc5+ 37. Ka2 Qxc4+ 0-1

[Event "19. Intern. Travemünder Schach-Open"]
[Site "?"]
[Date "2002.12.28"]
[Round "3"]
[White "Meier, David-Geffre"]
[Black "IM Voloshin, Leonid"]
[Result "0-1"]
[WhiteElo "2158"]
[BlackElo "2440"]
[PlyCount "80"]
[EventDate "2002.??.??"]

1. d4 Nf6 2. c4 e6 3. Nf3 Bb4+ 4. Bd2 Qe7 5. g3 a5 6. Bg2 Bxd2+ 7. Qxd2 Qb4 8.
Ne5 Qxd2+ 9. Nxd2 d6 10. Nd3 Nc6 11. e3 Nb4 12. Ke2 Nxd3 13. Kxd3 e5 14. Rhe1
Nd7 15. b3 Ke7 16. a3 f5 17. b4 e4+ 18. Kc3 Nf6 19. f3 d5 20. c5 g5 21. Nb3 a4
22. Nc1 h5 23. f4 gxf4 24. gxf4 Bd7 25. Bf1 Rhg8 26. Ra2 h4 27. b5 Rg1 28. Kb4
Ng4 29. Rae2 Rh1 30. h3 Nh2 31. Bg2 Rxe1 32. Rxe1 Rg8 33. Re2 Rg3 34. Kxa4 Ng4
35. hxg4 fxg4 36. Kb4 h3 37. Bxh3 gxh3 38. a4 Bg4 39. a5 Bxe2 40. Nxe2 Rg8 0-1

[Event "19. Intern. Travemünder Schach-Open"]
[Site "?"]
[Date "2002.12.28"]
[Round "3"]
[White "Bunk, Andreas"]
[Black "Salov, Sergej"]
[Result "1/2-1/2"]
[WhiteElo "2134"]
[BlackElo "2297"]
[PlyCount "35"]
[EventDate "2002.??.??"]

1. d4 c5 2. e3 Nf6 3. Nf3 g6 4. c3 Qc7 5. b3 Bg7 6. Bb2 O-O 7. Nbd2 d5 8. Bd3
Nbd7 9. O-O b6 10. Qe2 Bb7 11. Rac1 e5 12. dxe5 Nxe5 13. Nxe5 Qxe5 14. Nf3 Qe7
15. c4 Rad8 16. Rfd1 Rd6 17. cxd5 Rxd5 18. Bc4 1/2-1/2

[Event "19. Intern. Travemünder Schach-Open"]
[Site "?"]
[Date "2002.12.28"]
[Round "3"]
[White "Jacob, Gunnar"]
[Black "Tondorf, Matthias"]
[Result "1-0"]
[WhiteElo "2226"]
[BlackElo "2122"]
[PlyCount "33"]
[EventDate "2002.??.??"]

1. d4 {0} 1... f5 2. Nc3 Nf6 3. Bg5 e6 4. e4 h6 5. Bxf6 Qxf6 6. Nf3 Bb4 7. exf5
exf5 8. Bc4 Qc6 9. Bf7+ Kf8 10. O-O d6 11. Bd5 Qd7 12. Nh4 g5 13. Ng6+ Kg7 14.
Nxh8 c6 15. Qh5 cxd5 16. Qg6+ Kxh8 17. Rfe1 1-0

[Event "19. Intern. Travemünder Schach-Open"]
[Site "?"]
[Date "2002.12.28"]
[Round "3"]
[White "Kramm, Olaf"]
[Black "Rieke, Theo"]
[Result "1/2-1/2"]
[WhiteElo "1999"]
[BlackElo "2236"]
[PlyCount "55"]
[EventDate "2002.??.??"]

1. c4 g6 2. Nc3 Bg7 3. g3 d6 4. Bg2 e5 5. e4 Nc6 6. d3 Be6 7. Be3 Qd7 8. Nd5
Nd8 9. Qd2 c6 10. Nc3 f5 11. Nge2 Nf6 12. b3 O-O 13. d4 Nxe4 14. Nxe4 fxe4 15.
Bxe4 d5 16. cxd5 cxd5 17. Bg2 e4 18. h4 Bg4 19. Nf4 Ne6 20. Nxe6 Qxe6 21. Rc1
Rac8 22. O-O a6 23. Qb4 Qd7 24. Qa5 Qb5 25. Qa3 Rfe8 26. Qd6 Qd7 27. Qb6 Qb5
28. Qd6 1/2-1/2

[Event "19. Intern. Travemünder Schach-Open"]
[Site "?"]
[Date "2002.12.28"]
[Round "3"]
[White "Dahlhaus, Freidhelm"]
[Black "Willenberg, Dirk"]
[Result "1/2-1/2"]
[WhiteElo "2233"]
[BlackElo "2126"]
[PlyCount "84"]
[EventDate "2002.??.??"]

1. e4 c6 2. d4 d5 3. exd5 cxd5 4. c4 Nf6 5. Nc3 g6 6. Qb3 Nc6 7. cxd5 Na5 8.
Bb5+ Bd7 9. Qa4 a6 10. Bxd7+ Nxd7 11. Nf3 b5 12. Qd1 Bg7 13. O-O O-O 14. Re1
Nf6 15. Bg5 b4 16. Bxf6 Bxf6 17. Ne4 Qxd5 18. Nxf6+ exf6 19. Qa4 Nc6 20. Red1
Rfe8 21. Rac1 Re6 22. h3 Rd8 23. Rc5 Qd6 24. Qc2 Ne5 25. Nxe5 fxe5 26. d5 e4
27. Rc6 Qd7 28. Rc7 Qd6 29. Rxf7 Re5 30. Rc7 Rxd5 31. Re1 e3 32. fxe3 Rd2 33.
Qc4+ Qd5 34. Qxd5+ R8xd5 35. Rf1 Rxb2 36. Rff7 Rdd2 37. Rg7+ Kh8 38. Rxh7+ Kg8
39. Rhg7+ Kf8 40. Rxg6 Rxa2 41. Rgc6 Rxg2+ 42. Kf1 Rgf2+ 1/2-1/2

[Event "19. Intern. Travemünder Schach-Open"]
[Site "?"]
[Date "2002.12.28"]
[Round "3"]
[White "Kjetzae, Johnny"]
[Black "Wronn, Bernd"]
[Result "1/2-1/2"]
[WhiteElo "2115"]
[BlackElo "2243"]
[PlyCount "98"]
[EventDate "2002.??.??"]

1. e4 c6 2. d4 d5 3. Nd2 dxe4 4. Nxe4 Nf6 5. Nxf6+ gxf6 6. Nf3 Bg4 7. c3 Qc7 8.
h3 Bh5 9. Be2 e6 10. Nh4 Bxe2 11. Qxe2 Nd7 12. Be3 O-O-O 13. O-O-O Bd6 14. g3
f5 15. Ng2 Rhg8 16. h4 Qa5 17. Kb1 Qd5 18. Rhg1 Nf6 19. Bg5 Rg6 20. Ne3 Qe4+
21. Qd3 Rdg8 22. Nc4 Kc7 23. Rge1 Qxd3+ 24. Rxd3 Ne4 25. Be3 h5 26. Ne5 R6g7
27. Rdd1 Nf6 28. Bh6 Rh7 29. Bf4 Nd5 30. Bc1 Bxe5 31. dxe5 Rg4 32. Bg5 Rh8 33.
Kc2 Rc4 34. f3 b5 35. a3 a5 36. Rd4 Rxd4 37. cxd4 Kd7 38. b3 Ra8 39. Rg1 a4 40.
b4 Rg8 41. Kb2 Rg6 42. g4 fxg4 43. fxg4 hxg4 44. Rxg4 f6 45. exf6 Nxf6 46. Rf4
Nd5 47. Rf8 Rg7 48. Rd8+ Kc7 49. Re8 Kd7 1/2-1/2

[Event "19. Intern. Travemünder Schach-Open"]
[Site "?"]
[Date "2002.12.28"]
[Round "3"]
[White "Feicht, Arno"]
[Black "Asendorf, Joachim"]
[Result "0-1"]
[WhiteElo "2128"]
[BlackElo "2280"]
[PlyCount "92"]
[EventDate "2002.??.??"]

1. d4 d5 2. Nc3 Nf6 3. Bg5 Nbd7 4. Nf3 g6 5. e3 Bg7 6. Bd3 O-O 7. O-O c5 8. Re1
b6 9. e4 dxe4 10. Nxe4 Bb7 11. c3 cxd4 12. Nxd4 Nc5 13. Nxc5 bxc5 14. Nf3 Qc7
15. Qe2 e6 16. Qe5 Qxe5 17. Nxe5 Rfd8 18. Rad1 h6 19. Be3 Nd5 20. Bc1 Rab8 21.
Nf3 Bc6 22. Bc2 Nb6 23. Nd2 Bd5 24. Nb3 Na4 25. Bf4 Nxb2 26. Bxb8 Nxd1 27. Bxa7
Nxc3 28. Bxc5 Nxa2 29. Be3 Rc8 30. Bd1 Nc3 31. Nd4 Rc4 32. Bb3 Rxd4 33. Bxd4
Bxd4 34. Bxd5 exd5 35. Re8+ Kg7 36. Kf1 Bf6 37. Ke1 d4 38. Kd2 Nd5 39. g3 h5
40. Rb8 Nc7 41. Kd3 Ne6 42. h4 Nc5+ 43. Ke2 d3+ 44. Ke3 Bc3 45. Rb5 d2 46. Ke2
Na4 0-1

[Event "19. Intern. Travemünder Schach-Open"]
[Site "?"]
[Date "2002.12.28"]
[Round "3"]
[White "Jensen, Henrick"]
[Black "Issing, Peter"]
[Result "1-0"]
[WhiteElo "2125"]
[BlackElo "2249"]
[PlyCount "72"]
[EventDate "2002.??.??"]

1. d4 Nf6 2. c4 c5 3. d5 e6 4. Nc3 exd5 5. cxd5 d6 6. e4 g6 7. f4 Bg7 8. Nf3
O-O 9. Bd3 b5 10. O-O a6 11. h3 Re8 12. e5 dxe5 13. fxe5 Nxd5 14. Be4 Nxc3 15.
Qxd8 Rxd8 16. Bxa8 Ne2+ 17. Kf2 Nxc1 18. Raxc1 Be6 19. Rfd1 Rc8 20. Bb7 Re8 21.
Rxc5 Bxa2 22. Rc8 Rxc8 23. Bxc8 Kf8 24. Bb7 Ke7 25. Bd5 Bxd5 26. Rxd5 f6 27.
exf6+ Bxf6 28. b3 Nc6 29. Ke3 Ke6 30. Ke4 h6 31. Rd1 Na5 32. Rb1 Nc6 33. g4 a5
34. Ne1 Kd6 35. Rd1+ Ke6 36. Nd3 Be7 {
Aufgrund der Zeitnot beider Spieler ist die Partie nicht mehr nachzuvollziehen.
} 1-0

[Event "19. Intern. Travemünder Schach-Open"]
[Site "?"]
[Date "2002.12.28"]
[Round "3"]
[White "Hernesmann, Thomas"]
[Black "Freundlieb, Thomas"]
[Result "1-0"]
[WhiteElo "2287"]
[BlackElo "2134"]
[PlyCount "107"]
[EventDate "2002.??.??"]

1. d4 g6 2. e4 Bg7 3. Nc3 c6 4. f3 d5 5. Be3 dxe4 6. fxe4 Nf6 7. Nf3 O-O 8. h3
Qc7 9. Qd2 Nfd7 10. O-O-O b5 11. e5 b4 12. Ne4 c5 13. e6 fxe6 14. dxc5 Ne5 15.
Be2 Nbc6 16. Bh6 a5 17. Bxg7 Kxg7 18. Rhe1 h6 19. Nxe5 Nxe5 20. Qd4 Kh7 21. Bb5
Nc6 22. Qd2 e5 23. Bxc6 Qxc6 24. Qd5 Qxd5 25. Rxd5 Rf5 26. Ng3 Rg5 27. Rexe5
Rxe5 28. Rxe5 Ra7 29. c6 Kg7 30. Ne4 Bf5 31. Nd2 Rc7 32. g4 Bc8 33. Rc5 h5 34.
gxh5 gxh5 35. h4 Bg4 36. Nb3 a4 37. Nd4 Kf6 38. Rc4 a3 39. b3 e5 40. Nb5 Rc8
41. c7 Be2 42. Na7 Bxc4 43. Nxc8 Ba6 44. Nd6 Ke6 45. c8=Q+ Bxc8 46. Nxc8 Kf5
47. Nd6+ Kg4 48. c4 bxc3 49. b4 Kxh4 50. b5 Kg3 51. b6 h4 52. Nf5+ Kg4 53. Nxh4
Kxh4 54. b7 1-0

[Event "19. Intern. Travemünder Schach-Open"]
[Site "?"]
[Date "2002.12.28"]
[Round "3"]
[White "Schmidtdiel, Eckhard"]
[Black "Bonnelykke, Ole"]
[Result "1-0"]
[WhiteElo "2491"]
[BlackElo "2176"]
[PlyCount "87"]
[EventDate "2002.??.??"]

1. e4 Nf6 2. e5 Nd5 3. c4 Nb6 4. d4 d6 5. f4 dxe5 6. fxe5 Nc6 7. Be3 Bf5 8. Nc3
e6 9. Nf3 Qd7 10. Be2 Bb4 11. Qd2 O-O-O 12. O-O f6 13. exf6 gxf6 14. a3 Bxc3
15. Qxc3 Rhg8 16. Rf2 Bg4 17. Rd1 f5 18. d5 exd5 19. Bxb6 axb6 20. cxd5 Bxf3
21. Bxf3 Nb8 22. Rc1 Qd6 23. Rfc2 Rd7 24. Re2 Re7 25. Rxe7 Qxe7 26. Re1 Qf7 27.
d6 c6 28. Re7 Qg6 29. Rc7+ Kd8 30. Rxb7 Qxd6 31. Rxb6 Re8 32. Rb4 c5 33. Rc4
Nd7 34. Qa5+ Ke7 35. Rc2 Qd4+ 36. Kf1 Kf8 37. Qc3 Re3 38. Qxd4 cxd4 39. Rc4 Ne5
40. Rxd4 Nxf3 41. gxf3 Rxf3+ 42. Kg2 Rb3 43. Rb4 Rd3 44. Rf4 1-0

[Event "19. Intern. Travemünder Schach-Open"]
[Site "?"]
[Date "2002.12.28"]
[Round "3"]
[White "Kupreichk, Viktor"]
[Black "Mandelbaum, Rene"]
[Result "1-0"]
[WhiteElo "2485"]
[BlackElo "2167"]
[PlyCount "51"]
[EventDate "2002.??.??"]

1. e4 c5 2. Ne2 Nc6 3. Nbc3 g6 4. d4 cxd4 5. Nxd4 Bg7 6. Be3 Nf6 7. Bc4 Qa5 8.
O-O d6 9. h3 O-O 10. Bb3 Bd7 11. Re1 Rac8 12. Nd5 Rfe8 13. Bd2 Qd8 14. Bc3 e6
15. Nxf6+ Bxf6 16. Nb5 Bxc3 17. Nxc3 Qf6 18. Qxd6 Ne5 19. Nd5 Qg5 20. f4 Nf3+
21. Kf2 Qh4+ 22. Kxf3 exd5 23. Qxd7 Rcd8 24. Qg4 Qe7 25. exd5 Qc5 26. Kg3 1-0

[Event "19. Intern. Travemünder Schach-Open"]
[Site "?"]
[Date "2002.12.28"]
[Round "3"]
[White "Kohn, Sandro"]
[Black "Bamgiev, Alexander"]
[Result "1/2-1/2"]
[WhiteElo "2149"]
[BlackElo "2431"]
[PlyCount "76"]
[EventDate "2002.??.??"]

1. Nf3 g6 2. g3 Bg7 3. Bg2 c5 4. O-O Nc6 5. c4 d6 6. Nc3 e5 7. a3 Nge7 8. Rb1
a5 9. d3 O-O 10. Ne1 Be6 11. Nc2 d5 12. cxd5 Nxd5 13. Ne4 b6 14. Ng5 Bc8 15.
Ne3 Nde7 16. b4 axb4 17. axb4 cxb4 18. Bd2 Rb8 19. Bxb4 Nxb4 20. Rxb4 Bh6 21.
Nf3 Bxe3 22. fxe3 Nd5 23. Rh4 Nxe3 24. Qd2 Nf5 25. Rb4 f6 26. Qa2+ Kh8 27. Qa7
Bd7 28. Rc1 Ne7 29. Nd2 Rc8 30. Rbc4 Rxc4 31. Rxc4 Nc8 32. Qb8 Be6 33. Rc7 Kg8
34. Nc4 Rf7 35. Rc6 Bd7 36. Rc7 Be6 37. Rc6 Bd7 38. Rc7 Be6 1/2-1/2

[Event "19. Intern. Travemünder Schach-Open"]
[Site "?"]
[Date "2002.12.28"]
[Round "3"]
[White "Mainka, Roumuald"]
[Black "Melde, Christian"]
[Result "1-0"]
[WhiteElo "2411"]
[BlackElo "2141"]
[PlyCount "81"]
[EventDate "2002.??.??"]

1. e4 g6 2. d4 Bg7 3. Nf3 d6 4. c3 Nf6 5. Bd3 O-O 6. O-O Nbd7 7. Re1 e5 8. Nbd2
b6 9. a4 a6 10. Nf1 Bb7 11. Bg5 h6 12. Bh4 Re8 13. Qc2 Qe7 14. b4 Qf8 15. dxe5
Nxe5 16. Nxe5 dxe5 17. Ne3 c5 18. b5 axb5 19. Bxf6 Bxf6 20. Bxb5 Re6 21. Bc4
Rd6 22. Bd5 Bxd5 23. Nxd5 Qd8 24. c4 Qd7 25. Reb1 Bd8 26. Ra3 Kg7 27. h3 h5 28.
Rb5 Qa7 29. Qb2 f6 30. a5 Kh6 31. Rg3 bxa5 32. f4 Rxd5 33. exd5 exf4 34. Qc2 g5
35. Rgb3 Qe7 36. Rb7 Bc7 37. Qb2 Rh8 38. R3b6 f3 39. Re6 Qg7 40. Qxf6+ Qxf6 41.
Rxf6+ 1-0

[Event "19. Intern. Travemünder Schach-Open"]
[Site "?"]
[Date "2002.12.28"]
[Round "3"]
[White "Heyken, Enno"]
[Black "Schmidt, Carsten"]
[Result "1/2-1/2"]
[WhiteElo "2307"]
[BlackElo "2138"]
[PlyCount "44"]
[EventDate "2002.??.??"]

1. d4 d5 2. Bg5 c5 3. e4 cxd4 4. Qxd4 Nc6 5. Qxd5 Qxd5 6. exd5 Nd4 7. Na3 e5 8.
Bd3 Bxa3 9. bxa3 Bf5 10. Bxf5 Nxf5 11. Nf3 f6 12. Be3 Rc8 13. O-O-O a6 14. d6
Kd7 15. Rd5 Nxe3 16. fxe3 Nh6 17. Nd2 Rc6 18. c4 Ng4 19. Re1 Rhc8 20. h3 Nh6
21. Kb2 Nf7 22. Rd1 Ng5 1/2-1/2

[Event "19. Intern. Travemünder Schach-Open"]
[Site "?"]
[Date "2002.12.28"]
[Round "3"]
[White "Haselhorst, Helmut"]
[Black "Sega, Reinhold"]
[Result "0-1"]
[WhiteElo "2144"]
[BlackElo "2086"]
[PlyCount "80"]
[EventDate "2002.??.??"]

1. d4 Nf6 2. Nf3 g6 3. Bf4 Bg7 4. e3 O-O 5. h3 c5 6. c3 d6 7. Nbd2 Nc6 8. Be2
cxd4 9. exd4 e5 10. dxe5 dxe5 11. Be3 Qc7 12. O-O Rd8 13. Qc1 Nd5 14. Nc4 b5
15. Na3 a6 16. Rd1 Bf5 17. Bh6 Bxh6 18. Qxh6 Nf4 19. Bf1 f6 20. Ne1 Ne7 21. Qh4
Kg7 22. f3 Be6 23. Nd3 Ned5 24. Nc2 Nxd3 25. Bxd3 Nf4 26. Be4 Rab8 27. Ne3
Rxd1+ 28. Rxd1 Bxa2 29. g3 Nh5 30. g4 Nf4 31. Kh2 Be6 32. g5 f5 33. Qh6+ Kg8
34. Nd5 Bxd5 35. Bxd5+ Nxd5 36. Rxd5 Rd8 37. Rxd8+ Qxd8 38. Qh4 Qd2+ 39. Kg1
Qc1+ 40. Kh2 Qxb2+ 0-1

[Event "19. Intern. Travemünder Schach-Open"]
[Site "?"]
[Date "2002.12.28"]
[Round "3"]
[White "Jacob, Helmut"]
[Black "Kalinitschew, Sergej"]
[Result "0-1"]
[WhiteElo "2182"]
[BlackElo "2485"]
[PlyCount "74"]
[EventDate "2002.??.??"]

1. e4 c5 2. Nf3 Nc6 3. Bb5 d6 4. d4 cxd4 5. Nxd4 Bd7 6. O-O Nf6 7. Re1 e6 8.
Bf1 a6 9. b3 Be7 10. Bb2 O-O 11. c4 Qb6 12. Nxc6 Bxc6 13. Nc3 Rfe8 14. Qd3 Rad8
15. Rad1 Qa5 16. a3 Qb6 17. Qc2 Qc7 18. Qc1 Qb8 19. Qf4 b5 20. b4 bxc4 21. Bxc4
Qb7 22. Bd3 Nd7 23. Qg3 Bf6 24. Ba1 Ne5 25. Bf1 h5 26. Qe3 d5 27. exd5 exd5 28.
Qf4 Ng6 29. Qg3 Be5 30. Qg5 d4 31. Ne2 Rd5 32. Qc1 Rf8 33. Ng3 Ba4 34. Rd3 Bf4
35. Qb2 Ne5 36. Rxe5 Bxe5 37. Ne4 Bb5 0-1

[Event "19. Intern. Travemünder Schach-Open"]
[Site "?"]
[Date "2002.12.28"]
[Round "4"]
[White "FM Asendorf, Joachim"]
[Black "GM Schmittdiel, Eckhard"]
[Result "0-1"]
[WhiteElo "2280"]
[BlackElo "2491"]
[PlyCount "84"]
[EventDate "2002.??.??"]

1. c4 c5 2. Nc3 Nc6 3. g3 g6 4. Bg2 Bg7 5. a3 a6 6. Rb1 Rb8 7. b4 cxb4 8. axb4
b5 9. cxb5 axb5 10. Nf3 e5 11. e4 Nge7 12. Qb3 d6 13. O-O O-O 14. Bb2 h6 15. h3
Be6 16. Nd5 Kh7 17. Kh2 f5 18. d3 Bg8 19. Ne1 f4 20. g4 Qd7 21. Rd1 Qb7 22. Bf3
Rbc8 23. Rd2 Rfe8 24. Nc2 Nxd5 25. exd5 Ne7 26. d4 e4 27. Bxe4 Bxd5 28. Bxd5
Nxd5 29. Qf3 Rc4 30. Ne1 Qf7 31. Nd3 g5 32. Re1 Rxe1 33. Nxe1 Nxb4 34. Qe4+ Qg6
35. Qb7 d5 36. Qxb5 Qe4 37. Ng2 Nc2 38. Qd7 f3 39. Ne3 Nxe3 40. fxe3 Qxe3 41.
Qf5+ Kh8 42. Rc2 Qf4+ 0-1

[Event "19. Intern. Travemünder Schach-Open"]
[Site "?"]
[Date "2002.12.28"]
[Round "4"]
[White "Zimmerman, Julian"]
[Black "IM Kopylov, Michael"]
[Result "0-1"]
[WhiteElo "2194"]
[BlackElo "2436"]
[PlyCount "52"]
[EventDate "2002.??.??"]

1. e4 Nf6 2. e5 Nd5 3. d4 d6 4. c4 Nb6 5. exd6 exd6 6. Be3 Be7 7. Nc3 O-O 8.
Rc1 Nc6 9. b3 Re8 10. Be2 Bg5 11. Bxg5 Qxg5 12. Kf1 Nxd4 13. h4 Qf6 14. Bd3 Bf5
15. Bxf5 Nxf5 16. Nf3 c6 17. h5 Rad8 18. g4 Ne3+ 19. fxe3 Rxe3 20. Kg2 Rxc3 21.
g5 Rxc1 22. Qxc1 Qf5 23. h6 Nd7 24. g6 Qxg6+ 25. Kf2 Ne5 26. Qc3 Qf6 0-1

[Event "19. Intern. Travemünder Schach-Open"]
[Site "?"]
[Date "2002.12.28"]
[Round "4"]
[White "GM Rabiega, Robert"]
[Black "FM Hermesmann, Hans"]
[Result "1-0"]
[WhiteElo "2503"]
[BlackElo "2287"]
[PlyCount "69"]
[EventDate "2002.??.??"]

1. e4 g6 2. d4 Bg7 3. c3 d6 4. Nf3 b6 5. Bd3 Bb7 6. O-O Nd7 7. a4 a6 8. Re1 e6
9. h3 h6 10. Na3 Ne7 11. Bf4 e5 12. Bg3 O-O 13. Qe2 Nc6 14. Nc2 Re8 15. Rad1
Qe7 16. Qf1 Qf8 17. b4 Nd8 18. dxe5 Nxe5 19. Nxe5 dxe5 20. Ne3 Ne6 21. Bc4 a5
22. Bxe6 Rxe6 23. Nd5 Bxd5 24. exd5 Ree8 25. Qb5 f5 26. f3 f4 27. Bf2 e4 28.
Rxe4 Rxe4 29. fxe4 axb4 30. cxb4 Qf7 31. d6 cxd6 32. Qc6 Rf8 33. Rxd6 Kh8 34.
Qxb6 f3 35. Rd8 1-0

[Event "19. Intern. Travemünder Schach-Open"]
[Site "?"]
[Date "2002.12.28"]
[Round "4"]
[White "GM Kalinitschew, Sergej"]
[Black "Jacob, Gunnar"]
[Result "1-0"]
[WhiteElo "2485"]
[BlackElo "2226"]
[PlyCount "85"]
[EventDate "2002.??.??"]

1. Nf3 d5 2. c4 e6 3. d4 Nf6 4. Nc3 Be7 5. Bg5 O-O 6. e3 h6 7. Bh4 Ne4 8. Bxe7
Qxe7 9. Qc2 Nxc3 10. Qxc3 a5 11. Bd3 c6 12. O-O Nd7 13. a3 a4 14. Rfe1 Re8 15.
Rad1 Nf6 16. c5 Bd7 17. Rb1 Ra7 18. Ne5 Rea8 19. Bc2 Be8 20. e4 Nxe4 21. Bxe4
dxe4 22. Rxe4 f6 23. Nd3 Bg6 24. Re3 Re8 25. Rbe1 Qd7 26. Nf4 Bf7 27. Qb4 Raa8
28. h3 g5 29. Ne2 Red8 30. Kh1 Qc7 31. Nc3 Qa5 32. Qxb7 Rxd4 33. Ne4 Ra7 34.
Nxf6+ Kg7 35. Qb8 Qxc5 36. Re5 Qe7 37. Ne4 Rb7 38. Rxg5+ Qxg5 39. Qxb7 Qd5 40.
f3 Rc4 41. Qc7 Rc2 42. Nd6 Qh5 43. Re4 1-0

[Event "19. Intern. Travemünder Schach-Open"]
[Site "?"]
[Date "2002.12.28"]
[Round "4"]
[White "IM Voloshin, Leonid"]
[Black "Zschischang, Gunnar"]
[Result "1-0"]
[WhiteElo "2440"]
[BlackElo "2200"]
[PlyCount "83"]
[EventDate "2002.??.??"]

1. d4 Nc6 2. Nf3 d6 3. d5 Nb8 4. e4 e5 5. dxe6 Bxe6 6. Ng5 Nf6 7. Nxe6 fxe6 8.
Nc3 Nbd7 9. Be3 c6 10. f4 Qa5 11. Bd3 e5 12. f5 d5 13. Bd2 Bb4 14. a3 Bxc3 15.
Bxc3 Qb6 16. Qe2 O-O-O 17. O-O-O d4 18. Bb4 c5 19. Bd2 Qc6 20. c4 Kb8 21. g4 a6
22. b3 Ka8 23. g5 Ne8 24. Kb2 Nd6 25. a4 b6 26. h4 Rb8 27. h5 h6 28. gxh6 gxh6
29. Rhg1 Nf6 30. Rde1 Rhg8 31. Rg6 Rxg6 32. fxg6 Ng8 33. Rf1 Qe8 34. Kc2 Qe7
35. Qg4 Kb7 36. Be1 Kc7 37. Bh4 Qd7 38. Qxd7+ Kxd7 39. g7 Re8 40. Rf8 Nc8 41.
Be2 Nce7 42. Bg4+ 1-0

[Event "19. Intern. Travemünder Schach-Open"]
[Site "?"]
[Date "2002.12.28"]
[Round "4"]
[White "GM Muse, Mladen"]
[Black "Kuhn, Gerd"]
[Result "1-0"]
[WhiteElo "2474"]
[BlackElo "2216"]
[PlyCount "105"]
[EventDate "2002.??.??"]

1. Nf3 d5 2. c4 c6 3. d4 e6 4. e3 f5 5. Bd3 Nf6 6. Ne5 Bd6 7. f4 O-O 8. O-O Ne4
9. Nd2 Nd7 10. Ndf3 Nxe5 11. fxe5 Be7 12. Ne1 Bd7 13. g3 Be8 14. Ng2 g5 15.
Bxe4 dxe4 16. Bd2 Bg6 17. Rf2 Qb6 18. b4 Qa6 19. Qb3 b5 20. Rc1 Qa4 21. Qxa4
bxa4 22. Ne1 Rfb8 23. Nc2 h5 24. h3 a6 25. c5 Bd8 26. Na3 Bc7 27. Nc4 Kg7 28.
Be1 Kh6 29. Rg2 Ra7 30. h4 Rab7 31. Kf1 Rd8 32. Ke2 gxh4 33. Nd6 Bxd6 34. cxd6
Be8 35. gxh4 Rg7 36. Rxg7 Kxg7 37. Rc5 Rb8 38. Ra5 Rb6 39. Rxa4 Kg6 40. Ra5 Bd7
41. a3 Kf7 42. Bg3 Ke8 43. Rc5 Kd8 44. Rc1 Be8 45. Rg1 Rb7 46. Be1 Rf7 47. Rg5
Rf8 48. Rg7 Rf7 49. Rg8 f4 50. exf4 Rxf4 51. Bd2 Rf3 52. Bg5+ Kd7 53. Bf6 1-0

[Event "19. Intern. Travemünder Schach-Open"]
[Site "?"]
[Date "2002.12.28"]
[Round "4"]
[White "Hintz, Bastian"]
[Black "GM Mainka, Romuald"]
[Result "0-1"]
[WhiteElo "1917"]
[BlackElo "2411"]
[PlyCount "56"]
[EventDate "2002.??.??"]

1. e4 c5 2. Nc3 Nc6 3. f4 g6 4. Nf3 Bg7 5. Bb5 Nd4 6. O-O a6 7. Bd3 d6 8. Nxd4
Bxd4+ 9. Kh1 Bg7 10. a4 Nf6 11. Qe1 Bd7 12. b3 O-O 13. Bb2 Bc6 14. Rb1 e6 15.
Qh4 d5 16. e5 Nd7 17. Qxd8 Rfxd8 18. Ba3 Bf8 19. Be2 b5 20. axb5 axb5 21. Bxb5
Bxb5 22. Nxb5 Rdb8 23. c4 Rxb5 24. cxb5 Rxa3 25. Ra1 Rxb3 26. Rfb1 Rxb1+ 27.
Rxb1 Nb6 28. Ra1 c4 0-1

[Event "19. Intern. Travemünder Schach-Open"]
[Site "?"]
[Date "2002.12.28"]
[Round "4"]
[White "Willenberg, Dirk"]
[Black "Schuh, Dirk"]
[Result "0-1"]
[WhiteElo "2126"]
[BlackElo "2252"]
[PlyCount "66"]
[EventDate "2002.??.??"]

1. e4 e6 2. d4 d5 3. e5 c5 4. c3 Qb6 5. Nf3 Nc6 6. Be2 Nh6 7. b3 cxd4 8. cxd4
Bb4+ 9. Kf1 Nf5 10. Bb2 Be7 11. g4 Nh4 12. Nbd2 Ng6 13. Kg1 f5 14. exf6 Bxf6
15. Nb1 O-O 16. h4 Nf4 17. Bf1 Bd7 18. g5 Be7 19. Nc3 Rf5 20. Na4 Qc7 21. Nc5
Be8 22. Qe1 Bxc5 23. dxc5 e5 24. Bh3 Nxh3+ 25. Rxh3 Bh5 26. Qe3 Raf8 27. Nd2
Rxf2 28. Rf1 Rxf1+ 29. Nxf1 Qf7 30. Ng3 d4 31. Qe1 Qf3 32. Rh2 Qg4 33. Bc1 Bf7
0-1